000 00803nam a22001697a 4500
999 _c63358
_d63358
003 Ge_BSU
005 20250924185506.0
008 250924s1969 ge ||||| |||| 00| 0 geo d
041 _ageo
080 _a657(075.8) ი-69
100 _aინწკირველი, ამბროსი
_925872
245 _aსაბუხჰალტრო აღრიცხვის საფუძვლები :
_bდამხმ. სახელმძღვ. სტუდენტებისათვის /
_cამბროსი ინწიკვრელი.
264 _aთბილისი :
_b თბილ. უნ-ტის გამ-ბა,
_c1969.
300 _a231 გვ. ;
_b22 სმ.
653 _aსაბუღალტრო აღრიცხვა
942 _2udc
_cᲬᲘᲒᲜᲘ